Naruto ou One Piece - Statistiques

Statistiques générales
  • Ce quiz a été pris 9 542 fois
  • Le résultat moyen est 26 sur 30
Statistiques - réponses
Hint Réponse % Correct
Sasuke Uchiwa Naruto
93%
Sakura Haruno Naruto
93%
Kakashi Hatake Naruto
93%
Monkey D. Luffy One Piece
93%
Jewelry Bonney One Piece
93%
Donquixote Doflamingo One Piece
93%
Charlotte Linlin One Piece
93%
Tsunade Naruto
92%
Gaara Naruto
92%
Rock Lee Naruto
92%
Arlong One Piece
92%
Temari Naruto
91%
Ino Yamanaka Naruto
91%
Roronoa Zoro One Piece
91%
Ener One Piece
91%
Perona One Piece
91%
Orochimaru Naruto
90%
Akamaru Naruto
90%
Aokiji One Piece
89%
Zabuza Momochi Naruto
87%
Akainu One Piece
87%
Kôzuki Oden One Piece
87%
Kakuzu Naruto
83%
Shiba Naruto
82%
Sengoku One Piece
81%
Kankuro Naruto
80%
Tashigi One Piece
80%
Killer B Naruto
78%
Kuro One Piece
69%
Kureha One Piece
65%
Aucun quiz correspondant
Distribution des résultats
% des personnes avec chaque résultat
Percentile par nombre de réponses
Votre historique - résultats
Vous n’avez pas pris ce quiz